The new rosetta targets (Record no. 16020)

MARC details
000 -LEADER
fixed length control field 00790nam a2200205Ia 4500
003 - CONTROL NUMBER IDENTIFIER
control field IN-BaIIA
008 - FIXED-LENGTH DATA ELEMENTS--GENERAL INFORMATION
fixed length control field 211028s9999 xx 000 0 eng d
020 ## - INTERNATIONAL STANDARD BOOK NUMBER
International Standard Book Number 978-1-4020-2572-3
040 ## - CATALOGING SOURCE
Transcribing agency IIA Library
080 ## - UNIVERSAL DECIMAL CLASSIFICATION NUMBER
Universal Decimal Classification number 52(082.1)
Item number ASS-311
245 #4 - TITLE STATEMENT
Title The new rosetta targets
Remainder of title observations, simulations and instrument performances
Statement of responsibility, etc. edited by Luigi Colangeli, Elena Mazzotta Epifani and Pasquale Palumbo
260 ## - PUBLICATION, DISTRIBUTION, ETC.
Place of publication, distribution, etc. Dordrecht
Name of publisher, distributor, etc. Kluwer Academic
Date of publication, distribution, etc. 2004
300 ## - PHYSICAL DESCRIPTION
Extent xi, 307p.
490 ## - SERIES STATEMENT
Series statement Astrophysics and space science library; v. 311
650 ## - SUBJECT ADDED ENTRY--TOPICAL TERM
Topical term or geographic name entry element Comet analysis
9 (RLIN) 29619
650 ## - SUBJECT ADDED ENTRY--TOPICAL TERM
Topical term or geographic name entry element Instrument performances observations
9 (RLIN) 29620
700 ## - ADDED ENTRY--PERSONAL NAME
Personal name Epifani, Elena Mazzotta, ed.
9 (RLIN) 29621
700 ## - ADDED ENTRY--PERSONAL NAME
Personal name Palumbo, Pasquale., ed.
9 (RLIN) 29622
942 ## - ADDED ENTRY ELEMENTS (KOHA)
Koha item type Books
Holdings
Withdrawn status Lost status Damaged status Not for loan Home library Current library Shelving location Date acquired Source of acquisition Cost, normal purchase price Total Checkouts Full call number Barcode Date last seen Cost, replacement price Price effective from Koha item type Purchase Price
        IIA Library-Bangalore IIA Library-Bangalore General Stacks 25/11/2005 EDS 6060.40   52(082.1)/ ASS-311 16942 05/11/2021 6060.40 25/11/2005 Books Rs. 6060.40

Powered by Koha